00998nam a22002777a 450000500170000001000130001702000230003003500130005303700160006604000120008208200170009410000360011124501230014725000110027026000440028127000500032530000320037550000190040765000310042665000290045770000300048670000310051694200260054799900190057395201280059220170124110037.0 aA-933699 c250.00a8120311388 aA-933699 bCen Lib/Ret aDPLbEN a658.503bNAR aNarasimhan, Seetharama L922802 aProduction planning and inventory control /cby Seetharama L. Narasimhan, Dennis W. McLeavey [and] Peter J. Billington a2nd ed aNew DelhibPrentice-Hall of Indiac1997 aM-97, Connaught Circus bNew Delhie110001 axix,716p. :c23cm(Hb)bill. aIncludes index aProduction planning922803 aInventory control922804 aMcLeavey, Dennis W922805 aBillington, Peter J922806 2ddccENh658.503mNAR c128246d128246 00104070aLbLd2015-07-02eCen Lib/Retg250.00l0o658.503 NARpA-933699r2015-07-02 00:00:00t1v250.00w2015-07-02yEN